00509nam a22001577a 450000500170000001000150001702000260003203500140005803700130007208200120008510000180009724500730011526000350018827001000022330000280032320220726112657.0 aENG-133942 a9788192251707c380.00 aEN-117474 bDBAD/PUB a323.445 aKhaneja, S.R. aA Practical Handbook on Right To Information Act 2005/cS.R. Khaneja aNew DelhibThe Book Linec2011 a106, 4787/23, Ist Floor Ansari Road, Darya GanjbNew Delhie110002msales@thebooklineonline.com axviii, 333p.c22cm(pbk)